000 00695nam a2200181Ia 4500
003 GCL
008 140319s9999 xx 000 0 ara d
040 _aGCL /
_cGCL
082 0 4 _a915.6
_bم ش
100 1 _aمحمد ابراهيم حسن
245 1 0 _aالشرق الاوسط وحوض البحر الاحمر: دراسات فى المقومات الجغرافية واثارها فى التنمية الزراعية ومصادر المياة والتلوث البيئى /
_cمحمد ابراهيم حسن
300 _a676 ص
490 _aكتاب
_v0
650 0 4 _aالجغرافيا الطبيعية
650 0 4 _aالشرق الاوسط
650 0 4 _aالانهار
942 _2ddc
_cBK
999 _c41962
_d41962